000 00372nam a22001577a 4500
003 OSt
008 220613b ||||| |||| 00| 0 eng d
020 _a978-8126568772
082 _a658.83 DIB
100 _aKUMAR, Dinesh
245 _aBusiness Analytics: The Science of Data
250 _a2nd
260 _aNew Delhi
_bWiley
_c2022
300 _a623
942 _2ddc
_cBK
999 _c11326
_d11326